000 00476nam a22001937a 4500
003 CO-ViMGA
005 20230915225021.0
008 150714b xxu||||| |||| 00| 0 eng d
020 _a9789584621801
040 _aCO-ViMGA
_bspa
_cCO-ViMGA
090 _bP BON2
100 1 _4BONNETT PIEDADA
245 1 0 _aPOEMAS DE AMOR
260 _aBOGOTA
_bFRAILEJÓN EDITORES
_c2014
300 _a(84) PAGINAS
650 1 4 _2POEMAS DE AMOR
700 1 _4GÓMEZ DANIEL
942 _2ddc
_cBK
999 _c2459
_d2459